000 00434nam a22001571a 4500
020 _a9788124009457
082 _aM300 7
_bUNN/A
100 _aUnnikrishnan A M
_9141911
245 _aAksharakanthi/
_cby Unnikrishnan A M
260 _aThiruvananthapuram:
_bA M Unnikrishnan,
_c2000.
300 _a59p.
650 _aNovel Malayalam Study
_9141912
650 _aLiterature Malayalam
_9141913
650 _aLiterature
_9141914
942 _cBK
999 _c1600
_d1600